Vplyv prevádzky regulačnej vodnej elektrárne na splaveninový režim

Na minha lista:
Detalhes bibliográficos
Autor principal: Buček, Daniel (Author)
Outros Autores: Šulek, Peter (Thesis advisor)
Formato: Manuscrito Livro
Idioma:eslovaco
Publicado em: 2023
Assuntos:
Acesso em linha:http://is.stuba.sk/zp/portal_zp.pl?podrobnosti=145678
Tags: Adicionar Tag
Sem tags, seja o primeiro a adicionar uma tag!

MARC

LEADER 00000ntm a22000003a 4500
001 stuzp66127
003 SK-STU
005 20230909210343.5
007 ta
008 150427s2015----xo-----f-mn---000-0-slo-d
040 |a STU  |b slo 
041 0 |a slo 
100 1 |a Buček, Daniel  |u 010170  |4 aut  |U SvF Stavebná fakulta  |T SvF Katedra hydrotechniky  |X 57614  |U V170  |Y 17  |7 57614 
242 0 1 |a Influence of operation of regulation hydro power plant on sediment regime  |y eng 
245 1 0 |a Vplyv prevádzky regulačnej vodnej elektrárne na splaveninový režim 
260 |c 2023 
650 4 |a sediment transport  |2 slo 
650 4 |a matematické modelovanie  |2 slo 
650 4 |a hydroenergetika  |2 slo 
650 4 |a sediment transport  |2 eng 
650 4 |a numerical modeling  |2 eng 
650 4 |a hydro power  |2 eng 
700 1 |a Šulek, Peter  |u 010170  |k Z1  |4 ths  |U SvF Stavebná fakulta  |T SvF Katedra hydrotechniky  |X 634  |U V170  |Y 17  |7 A000000634 
856 4 |u http://is.stuba.sk/zp/portal_zp.pl?podrobnosti=145678